000 00970nam a2200253Ia 4500
003 OSt
005 20220923213755.0
006 a|||||r|||| 00| 0
007 ta
008 220922b |||||||| |||| 00| 0 hin d
024 _a164,419
037 _cTextual
040 _aARTS
_cARTS
_bhin
041 _2hin
_ahin
082 _aO152,1M891w, L4
100 _aपाण्डेय, जगदीश प्रसाद, पीयूष
_9163147
245 0 _aरामनरेश त्रिपाठी
_b एक युग एक व्यक्ति
246 _aRāhinaresh tripāṭhī: ek yug ek vyakti
260 _aसुल्तानपुर
_b सम्भावना-प्रका0
_c1974
300 _a190पृ.
_ccm.
650 _aहिन्दी साहित्य
_9156264
942 _hO152,1M891w, L4
_cTEXL
_2CC
999 _c318899
_d318899